Ιστορία Γ' δημοτικού : από τη μυθολογία στην ιστορία : τετράδιο εργασιών
Αποθηκεύτηκε σε:
| Κύριος συγγραφέας: | |
|---|---|
| Συγγραφή απο Οργανισμό/Αρχή: | |
| Άλλοι συγγραφείς: | , |
| Μορφή: | Βιβλίο |
| Γλώσσα: | Greek |
| Δημοσίευση: |
Αθήνα :
Οργανισμός Εκδόσεως Διδακτικών Βιβλίων,
[2006].
|
| Θέματα: | |
| Ετικέτες: |
Προσθήκη ετικέτας
Δεν υπάρχουν, Καταχωρήστε ετικέτα πρώτοι!
|
MARC
| LEADER | 00000cam a2200000 i 4500 | ||
|---|---|---|---|
| 001 | 1/35759 | ||
| 008 | 061019s2006 gr | ||| |||| ||gre|| | ||
| 020 | |a 960061816X | ||
| 035 | |l 10085640 | ||
| 040 | |a GR-MY-UA |b gre |e aacr | ||
| 041 | 0 | |a gre | |
| 082 | 7 | |a 372.89495 |2 (22) | |
| 100 | 1 | |a Μαϊστρέλλης, Στρατής. | |
| 245 | 1 | 0 | |a Ιστορία Γ' δημοτικού : |b από τη μυθολογία στην ιστορία : τετράδιο εργασιών / |c Στρατής Μαϊστρέλλης, Ελένη Καλύβη, Μαρίνα Μιχαήλ ; Υπουργείο Εθνικής Παιδείας και Θρησκευμάτων. Παιδαγωγικό Ινστιτούτο. |
| 260 | |a Αθήνα : |b Οργανισμός Εκδόσεως Διδακτικών Βιβλίων, |c [2006]. | ||
| 300 | |a 59 σ. ; |c 28 εκ. | ||
| 650 | 0 | 0 | |a History |x Study and teaching (Elementary) |z Greece. |
| 700 | 1 | |a Καλύβη, Ελένη. | |
| 700 | 1 | |a Μιχαήλ, Μαρίνα. | |
| 710 | 2 | |a Παιδαγωγικό Ινστιτούτο. | |
| 852 | |a INST |b RHODES |e 20061019 |h 372.89495 ΜΑΙ |p 005400024004 |q 005400024004 |t BK |y 0 | ||
| 852 | |a INST |b RHODES |e 20061019 |h 372.89495 ΜΑΙ |p 005400024005 |q 005400024005 |t BK |y 0 | ||
| 852 | |a INST |b RHODES |e 20080206 |h 372.89495 ΜΑΙ |p 005400030065 |q 005400030065 |t BK |y 0 | ||
| 852 | |a INST |b RHODES |e 20080206 |h 372.89495 ΜΑΙ |p 005400030066 |q 005400030066 |t BK |y 0 | ||
| 852 | |a INST |b RHODES |e 20080206 |h 372.89495 ΜΑΙ |p 005400030067 |q 005400030067 |t BK |y 0 | ||
| 901 | |a BIBL4-2006-3 | ||
| 970 | |a ΚΟΖΑ |b ΜΑΡΙΑ |z 2006/10/19 | ||